| Tag |
First Indicator |
Second Indicator |
Subfields |
| LEADER |
00000cam a2200000 4500 |
| 001 |
in00000054174 |
| 005 |
20151008051431.0 |
| 008 |
751107s1942 dcu 00000 eng |
| 010 |
|
|
|a 42016857
|
| 035 |
|
|
|a (OCoLC)01816700
|
| 035 |
|
|
|9 AAG7864AM
|
| 040 |
|
|
|a DLC
|c TOL
|d TOL
|d TXA
|d UtOrBLW
|
| 049 |
|
|
|a TXAM
|c [222296]
|
| 050 |
0 |
0 |
|a HB236.U5
|b A55
|
| 092 |
|
|
|a 338.50973
|b A213w
|
| 100 |
1 |
|
|a Adams, George Plimpton,
|d 1882-1961.
|
| 245 |
1 |
0 |
|a Wartime price control /
|c by George P. Adams, jr.; foreword by Charles O. Hardy.
|
| 264 |
|
1 |
|a Washington, D. C. :
|b American council on public affairs,
|c [1942]
|
| 264 |
|
4 |
|c [©1942]
|
| 300 |
|
|
|a x pages 1 leaf, 153 pages :
|b including tables. ;
|c 24 cm.
|
| 336 |
|
|
|a text
|b txt
|2 rdacontent
|
| 337 |
|
|
|a unmediated
|b n
|2 rdamedia
|
| 338 |
|
|
|a volume
|b nc
|2 rdacarrier
|
| 650 |
|
0 |
|a Prices
|z United States.
|
| 650 |
|
0 |
|a World War, 1914-1918
|x Economic aspects
|z United States.
|
| 710 |
2 |
|
|a American Council on Public Affairs.
|
| 999 |
|
|
|a MARS
|
| 999 |
f |
f |
|s d212eb08-387f-31da-ab4c-8834144ec711
|i 0034338c-dcc8-3d4a-a385-386b5b4b7ff9
|t 0
|
| 952 |
f |
f |
|p ric
|a Texas A&M University
|b Rellis Campus
|c Joint Library Facility
|d Remote Storage
|t 0
|e HB236.U5 A55
|h Library of Congress classification
|i unmediated -- volume
|m A14800767853
|
| 998 |
f |
f |
|a HB236.U5 A55
|t 0
|l Remote Storage
|